LEADER 01088nam0 22002893i 450 001 PUV1115253 005 20251003044317.0 010 $a0415457254 100 $a20081215d2008 ||||0itac50 ba 101 | $aeng 102 $agb 181 1$6z01$ai $bxxxe 182 1$6z01$an 200 1 $aSolutions manual to design analysis in rock mechanics$fWilliam G. Pariseau 210 $aLondon [etc.]$cTaylor & Francis$dİ2008 215 $aVI, 361 p.$d25 cm. 606 $aMECCANICA DELLE ROCCE$2FIR$3MILC075119$9E 676 $a624.1$9INGEGNERIA STRUTTURALE E TECNICA DELLE COSTRUZIONI SOTTERRANEE$v14 700 1$aPariseau$b, William G.$3MILV322456$4070$0770696 801 3$aIT$bIT-000000$c20081215 850 $aIT-BN0095 901 $bNAP 01$cSALA $n$ 912 $aPUV1115253 950 0$aBiblioteca Centralizzata di Ateneo$c1 v.$d 01SALA 624.1 PAR.so$e 0104 0000011815 VMA 1 v.$fA $h20081215$i20081215 977 $a 01 996 $aSolutions manual to design analysis in rock mechanics$91574404 997 $aUNISANNIO LEADER 02774nam 22006495 450 001 9910863185103321 005 20251107172451.0 010 $a3-030-54451-6 024 7 $a10.1007/978-3-030-54451-5 035 $a(CKB)4100000011493369 035 $a(DE-He213)978-3-030-54451-5 035 $a(MiAaPQ)EBC6370714 035 $a(MiAaPQ)EBC29090255 035 $a(EXLCZ)994100000011493369 100 $a20201010d2021 u| 0 101 0 $aeng 135 $aurnn|008mamaa 181 $ctxt$2rdacontent 182 $cc$2rdamedia 183 $acr$2rdacarrier 200 10$aAdsorption at Natural Minerals/Water Interfaces /$fedited by Shaoxian Song, Bowen Li 205 $a1st ed. 2021. 210 1$aCham :$cSpringer International Publishing :$cImprint: Springer,$d2021. 215 $a1 online resource (IX, 316 p. 111 illus., 41 illus. in color.) 225 1 $aEngineering Materials,$x1868-1212 311 08$a3-030-54450-8 327 $aMineral Adsorbents and Characteristics -- Surface Chemistry of Mineral Adsorbents -- Modification of Mineral Surfaces and Microstructures -- Adsorption of Minerals to Anions -- Adsorption of Minerals to Cations -- Adsorption of Minerals to Organic Compounds -- Bioadsorption of Minerals.-Contaminated Water Treatment -- Dewatering of Mineral Adsorbents. 330 $aThis book introduces the latest research regarding the adsorption of heavy metals, toxic ions, and organic compounds at the interfaces of water/minerals, such as mineralogical characterizations, surface chemistry, and modification of natural minerals as adsorbents, as well as the adsorption of cations, anions, and organic compounds in water. Presenting findings by the authors and their co-workers, the book helps readers grasp the principals and benefits of using minerals for water treatment, as well as the advanced technologies in the area developed over last 30 years, especially the last 10 years. . 410 0$aEngineering Materials,$x1868-1212 606 $aMaterials science 606 $aWater 606 $aHydrology 606 $aGreen chemistry 606 $aMineralogy 606 $aMaterials Science 606 $aWater 606 $aGreen Chemistry 606 $aMineralogy 615 0$aMaterials science. 615 0$aWater. 615 0$aHydrology. 615 0$aGreen chemistry. 615 0$aMineralogy. 615 14$aMaterials Science. 615 24$aWater. 615 24$aGreen Chemistry. 615 24$aMineralogy. 676 $a541.33 702 $aSong$b Shaoxian 702 $aLi$b Bowen$f1964- 801 0$bMiAaPQ 801 1$bMiAaPQ 801 2$bMiAaPQ 906 $aBOOK 912 $a9910863185103321 996 $aAdsorption at Natural Minerals$92835129 997 $aUNINA